Honduras: unidades geográficas del ordenamiento territorial local /

Uloženo v:
Podrobná bibliografie
Hlavní autor: Godichet, Oliver T.
Médium: Text
Témata:
Tagy: Přidat tag
Žádné tagy, Buďte první, kdo vytvoří štítek k tomuto záznamu!

MARC

LEADER 00000 a a2200000 04500
001 16174
003
040
100 |a Godichet, Oliver T.  
245 |a Honduras: unidades geográficas del ordenamiento territorial local /  |c Oliver TGodichet 
650 |a DISTRIBUCION GEOGRAFICA  
650 |a POLITICA GUBERNAMENTAL  
650 |a GOBIERNO LOCAL  
650 |a PLANIFICACION REGIONAL  
773 |g número 52; páginas 453-454  
999 |c 39254  |d 39254